Historia y prespectiva de la cantidad agrícola en la colonia Felipe Ángeles Sombrerete, Zacatecas / (Record no. 218757)
[ view plain ]
| 000 -CABECERA | |
|---|---|
| campo de control de longitud fija | 02600nam a2200289 a 4500 |
| 003 - IDENTIFICADOR DEL NÚMERO DE CONTROL | |
| campo de control | OSt |
| 005 - FECHA Y HORA DE LA ÚLTIMA TRANSACCIÓN | |
| campo de control | 20240904114242.0 |
| 007 - CAMPO FIJO DE DESCRIPCIÓN FÍSICA--INFORMACIÓN GENERAL | |
| campo de control de longitud fija | cr ||||||a|c|a |
| 008 - DATOS DE LONGITUD FIJA--INFORMACIÓN GENERAL | |
| campo de control de longitud fija | 230516s2019 m ab||fom||| 001 0 sp d |
| 040 ## - FUENTE DE LA CATALOGACIÓN | |
| Normas de descripción | rda |
| 100 1# - ENTRADA PRINCIPAL--NOMBRE DE PERSONA | |
| 9 (RLIN) | 187042 |
| Nombre de persona | Adame Castañeda, Alejandro |
| 245 1# - MENCIÓN DE TÍTULO | |
| Título | Historia y prespectiva de la cantidad agrícola en la colonia Felipe Ángeles Sombrerete, Zacatecas / |
| Mención de responsabilidad, etc. | Alejandro Adame Castañeda; director de tesis Darío Alejandro Escobar Moreno |
| 264 #1 - PRODUCCIÓN, PUBLICACIÓN, DISTRIBUCIÓN, FABRICACIÓN Y COPYRIGHT | |
| Producción, publicación, distribución, fabricación y copyright | Chapingo, México : |
| Nombre del de productor, editor, distribuidor, fabricante | El autor, |
| Fecha de producción, publicación, distribución, fabricación o copyright | 2019. |
| 300 ## - DESCRIPCIÓN FÍSICA | |
| Extensión | 1 recurso en línea (115 páginas): |
| Otras características físicas | ilustraciones, mapas y tablas. |
| 336 ## - TIPO DE CONTENIDO | |
| Fuente | rdacontent |
| Término de tipo de contenido | texto |
| Código de tipo de contenido | txt |
| 337 ## - TIPO DE MEDIO | |
| Fuente | rdamedia |
| Nombre/término del tipo de medio | computadora |
| Código del tipo de medio | c |
| 338 ## - TIPO DE SOPORTE | |
| Fuente | rdacarrier |
| Nombre/término del tipo de soporte | recurso en línea |
| Código del tipo de soporte | cr |
| 502 ## - NOTA DE TESIS | |
| Tipo de título | Maestría en Ciencias en Desarrollo Rural Regional |
| Nombre de la institución que otorga el título | Sistema de Centros Regionales Universitarios, |
| Año de obtención del título | 2019. |
| Información miscelánea | Maestría |
| 504 ## - NOTA DE BIBLIOGRAFÍA, ETC. | |
| Nota de bibliografía, etc. | Incluye referencias bibliográficas: páginas 95-101. |
| 520 ## - SUMARIO, ETC. | |
| Sumario, etc. | El reparto agrario en Zacatecas tiene origen tanto en el proceso revolucionario como en las políticas anti - migración de antaño. El valle frijolero de la zona noroeste del estado, conformado por los municipios con mayor producción a nivel nacional, no es la excepción. Dentro de este valle se encuentra la colonia Felipe Ángeles (FA) perteneciente al municipio de Sombrerete. El reparto agrario en esta comunidad se da por la expropiación de la hacienda de Vergara, cuando se dotó de 4,000 hectáreas a un grupo de 100 familias campesinas en el año de 1932. Desde su fundación, la comunidad, igual que la región, se especializó en la producción de frijol de temporal. Esta actividad fue acompañada por la migración tradicional hacia los Estados Unidos de América (USA). En la actualidad los posesionarios son la segunda o tercera generación de los fundadores originales de la comunidad, pero sus lazos con el vecino país se han consolidado a tal grado que los futuros herederos, o hijos de estos futuros herederos tienen la nacionalidad americana. El documento aborda los procesos de sucesión que se han presentado en la comunidad, y cómo éstos han resultado en la diferenciación entre agricultores y posesionarios de tierras. Además de proporcionar información sobre las nuevas generaciones de las familias de la comunidad. |
| 650 #4 - PUNTO DE ACCESO ADICIONAL DE MATERIA--TÉRMINO DE MATERIA | |
| 9 (RLIN) | 164455 |
| Término de materia o nombre geográfico como elemento de entrada | Frijol |
| Subdivisión general | Zacatecas |
| 650 #4 - PUNTO DE ACCESO ADICIONAL DE MATERIA--TÉRMINO DE MATERIA | |
| 9 (RLIN) | 43335 |
| Término de materia o nombre geográfico como elemento de entrada | Frijol |
| Subdivisión general | Aspectos económicos |
| Subdivisión geográfica | Zacatecas |
| 650 #4 - PUNTO DE ACCESO ADICIONAL DE MATERIA--TÉRMINO DE MATERIA | |
| 9 (RLIN) | 130937 |
| Término de materia o nombre geográfico como elemento de entrada | Frijol |
| Subdivisión general | Rendimiento |
| Subdivisión geográfica | Zacatecas |
| 700 1# - PUNTO DE ACCESO ADICIONAL--NOMBRE DE PERSONA | |
| 9 (RLIN) | 37511 |
| Nombre de persona | Escobar Moreno, Darío Alejandro |
| Término indicativo de función/relación | Director de tesis. |
| 856 ## - LOCALIZACIÓN Y ACCESO ELECTRÓNICOS | |
| Identificador Uniforme del Recurso | http://10.13.5.2/tesis/tm/Adame_Castaneda_Alejandro.pdf |
| Nota pública | DESCARGAR PDF |
| 942 ## - ELEMENTOS DE PUNTO DE ACCESO ADICIONAL (KOHA) | |
| Fuente del sistema de clasificación o colocación | Clasificación Universidad Autónoma Chapingo |
| Tipo de ítem Koha | Tesis digital |
| Estado de retiro | Estado de pérdida | Fuente del sistema de clasificación o colocación | Estado dañado | Restricciones de uso | No para préstamo | Código de colección | Localización permanente | Ubicación/localización actual | Ubicación en estantería | Fecha de adquisición | Total de préstamos | Signatura topográfica completa | Fecha visto por última vez | Precio válido a partir de | Tipo de ítem Koha |
|---|---|---|---|---|---|---|---|---|---|---|---|---|---|---|---|
| Clasificación Universidad Autónoma de Chapingo | Préstamo interno | Tesis digitales de Maestría | Biblioteca Central | Biblioteca Central | En línea | 16/05/2023 | Tesis digital | 16/05/2023 | 16/05/2023 | Tesis digital |
